South Eastern Kenya University

Library Online Public Access Catalogue


Optics in health care and biomedical optics : (Record no. 14137)

MARC details
000 -LEADER
fixed length control field 00908cam a22002057a 4500
020 ## - ISBN
International Standard Book Number 0819447056
050 00 - LIBRARY OF CONGRESS CALL NUMBER
Classification Number R857.O6
Item Number O66 2002
245 00 - TITLE
Title Optics in health care and biomedical optics :
Remainder of title diagnostics and treatment : 15-18 October 2002, Shanghai, China /
Statement of responsibility, etc Britton Chance, Mingzhe Chen, Gilwon Yoon, chairs/editors ; sponsored by SPIE--the International Society for Optical Engineering [and] COS--Chinese Optical Society ; cooperating organizations, Shanghai Jiaotong University (China) ... [et al.] ; supported by National Natural Science Foundation of China ... [et al.].
260 ## - PUBLICATION, DISTRIBUTION, ETC.(IMPRINT)
Place of publication, distribution, etc Bellingham, Wash., USA :
Name of publisher, distributor, etc SPIE,
Date of publication, distribution, etc 2002.
300 ## - PHYSICAL DESCRIPTION
Extent xiii, 550 p. :
650 #0 - SUBJECT--TOPIC
Form subdivision Congresses.
650 #0 - SUBJECT--TOPIC
Form subdivision Congresses.
650 #0 - SUBJECT--TOPIC
Form subdivision Congresses.
650 #0 - SUBJECT--TOPIC
Form subdivision Congresses.
650 #0 - SUBJECT--TOPIC
Form subdivision Congresses.
700 1# - ADDED ENTRY--PERSONAL AUTHOR
Personal Name Chance, Britton.
700 1# - ADDED ENTRY--PERSONAL AUTHOR
Personal Name Chen, Mingzhe.
700 1# - ADDED ENTRY--PERSONAL AUTHOR
Personal Name Yoon, Gilwon,
942 ## - ADDED ENTRY ELEMENTS(KOHA)
Source of classification or shelving scheme Library of Congress Classification
Koha item type General circulation
Holdings
Source of classification or shelving scheme Not for loan Location (home branch) Sublocation (holding branch) Shelving location Date accessioned Full call number Barcode Nonpublic note Koha item type
Library of Congress Classification   Main Campus Library Main Campus Library   17/05/2016 R857.O6 O66 2002 2016/018038 amm General circulation
Kitui, Kenya.
+254736116989
library@seku.ac.ke